සද්ධර්ම : කෙටි සටහන් /

Saddharma : keti satahan
Saved in:
Bibliographic Details
Other Authors: ධම්මකුසල හිමි, මැල්සිරිපුර (සම්පා.)
Format: Book
Published: ගම්පහ : ධම්මවික්‍රම මධ්‍යස්ථානය, 2025.
Edition:සංශෝධිත 4 වන මුද්‍රණය.
Subjects:
Tags: Add Tag
No Tags, Be the first to tag this record!

MARC

LEADER 00000nam a2200000 4500
003 LK-CoNLD
005 20260317142841.0
008 260210b |||||||| |||| 00| 0 ||| d
015 |2 slnb  |a slnb202512 
017 |a 505287  |b LK-CoDNA 
020 |a 9789554263505 
040 |a LK-CoNLD  |b SIN  |c LK-CoNLD  |d LK-CoNLD 
082 |2 23  |q LK-CoNLD  |a 294.34 
245 |a සද්ධර්ම : කෙටි සටහන් /  |c සම්පාදනය මැල්සිරිපුර ධම්මකුසල හිමි. 
250 |a සංශෝධිත 4 වන මුද්‍රණය. 
260 |a ගම්පහ :  |b ධම්මවික්‍රම මධ්‍යස්ථානය,  |c 2025. 
300 |a පි. 100 ;  |b මැබැ-බෝක : මිල නොදැක්වේ.  |c සෙමී. 21. 
500 |a රු. 185.00 මිල තීරණය කිරීමේ මාර්ගෝපදේශයට අනුව සකසන ලද මිල වේ. 1 වන මුද්‍රණය 2015. 
650 0 |a බුද්ධාගම-වත්පිළිවෙත්  |9 25301 
650 0 |a Buddhism - Doctrines  |9 2964 
700 |a ධම්මකුසල හිමි, මැල්සිරිපුර  |9 92494  |e සම්පා. 
880 |6 245-1  |a Saddharma : keti satahan 
942 |c BOOK 
945 |a 18246  |b Chamari MUTHUMALI  |c 13  |d Ruwanthi NILMINI 
999 |c 297354  |d 297354